5HLuxD.jpg

KING HENRY VIII SENIOR AND PRIMARY SCHOOL LIBRARY OPAC

Exam success in Cambridge International AS & A level physics / (Record no. 2581)

000 -LEADER
fixed length control field 01120nam a22003618i 4500
001 - CONTROL NUMBER
control field 022750249
003 - CONTROL NUMBER IDENTIFIER
control field UkOxU
005 - DATE AND TIME OF LATEST TRANSACTION
control field 20230721102214.0
008 - FIXED-LENGTH DATA ELEMENTS--GENERAL INFORMATION
fixed length control field 201112s2020 enk 000|0|eng|d
020 ## - INTERNATIONAL STANDARD BOOK NUMBER
International Standard Book Number 9781382005531 (pbk.) :
035 ## - SYSTEM CONTROL NUMBER
System control number (Uk)020012585
035 ## - SYSTEM CONTROL NUMBER
System control number (StEdALDL)1/3987551
040 ## - CATALOGING SOURCE
Original cataloging agency StDuBDS
Language of cataloging eng
Description conventions rda
Transcribing agency StDuBDS
Modifying agency KH8
049 ## - LOCAL HOLDINGS (OCLC)
Holding library CROBAR
082 04 - DEWEY DECIMAL CLASSIFICATION NUMBER
Classification number 530 FOR
100 1# - MAIN ENTRY--PERSONAL NAME
Personal name Forbes, Darren,
Relator term author.
245 10 - TITLE STATEMENT
Title Exam success in Cambridge International AS & A level physics /
Statement of responsibility, etc. Darren Forbes, Hossam Ibrahim Attya, Camille Pervenche, Jaykishan Sharma.
250 ## - EDITION STATEMENT
Edition statement Second edition.
263 ## - PROJECTED PUBLICATION DATE
Projected publication date 202012
264 #1 - PRODUCTION, PUBLICATION, DISTRIBUTION, MANUFACTURE, AND COPYRIGHT NOTICE
Place of production, publication, distribution, manufacture Oxford :
Name of producer, publisher, distributor, manufacturer Oxford University Press,
Date of production, publication, distribution, manufacture, or copyright notice 2020.
300 ## - PHYSICAL DESCRIPTION
Extent 1 volume ;
Dimensions 30 cm
336 ## - CONTENT TYPE
Content type term text
Source rdacontent
337 ## - MEDIA TYPE
Media type term unmediated
Source rdamedia
338 ## - CARRIER TYPE
Carrier type term volume
Source rdacarrier
500 ## - GENERAL NOTE
General note Includes ebook access.
521 2# - TARGET AUDIENCE NOTE
Target audience note AS.
521 2# - TARGET AUDIENCE NOTE
Target audience note A-level.
650 #0 - SUBJECT ADDED ENTRY--TOPICAL TERM
Topical term or geographic name entry element Physics
General subdivision Examinations
Form subdivision Study guides.
700 1# - ADDED ENTRY--PERSONAL NAME
Personal name Attya, Hossam Ibrahim,
Relator term author.
700 1# - ADDED ENTRY--PERSONAL NAME
Personal name Pervenche, Camille,
Relator term author.
700 1# - ADDED ENTRY--PERSONAL NAME
Personal name Sharma, Jaykishan,
Relator term author.
942 ## - ADDED ENTRY ELEMENTS (KOHA)
Source of classification or shelving scheme
Koha item type Teaching Resources
Holdings
Withdrawn status Lost status Source of classification or shelving scheme Damaged status Not for loan Collection code Permanent Location Current Location Shelving location Date acquired Full call number Barcode Date last seen Price effective from Koha item type
          Teaching Resources KH8 Senior School Library KH8 Senior School Library Staff Office 2023-07-21 530 FOR TRKHSL000973 2023-07-21 2023-07-21 Teaching Resources

Powered By KH8 IT Dept